<?xml version="1.0" encoding="UTF-8"?>
<collection xmlns="http://www.loc.gov/MARC21/slim">
 <record>
  <leader>01213ppm a22002658a 4500</leader>
  <controlfield tag="001">00036097</controlfield>
  <controlfield tag="005">20181115141108.0</controlfield>
  <controlfield tag="008">170208s2016                  ||||||viesd</controlfield>
  <datafield tag="041" ind1="0" ind2="#">
   <subfield code="a">vie</subfield>
  </datafield>
  <datafield tag="082" ind1="1" ind2="4">
   <subfield code="b">Đ113TR</subfield>
   <subfield code="a">895.922 132 09</subfield>
  </datafield>
  <datafield tag="100" ind1="1" ind2="#">
   <subfield code="a">Nguyễn, Thị Chính</subfield>
   <subfield code="e">Chủ nhiệm đề tài</subfield>
  </datafield>
  <datafield tag="245" ind1="1" ind2="0">
   <subfield code="b">Luận án tiến sĩ Văn học Việt Nam.Chuyên ngành: Văn học Việt Nam; Mã số: 62.22.01.21</subfield>
   <subfield code="c">Nguyễn Thị Chính; Người hướng dẫn: Đỗ Lai Thúy; Hoàng Đức Khoa</subfield>
   <subfield code="a">Đặc trưng thơ văn xuôi Việt Nam hiện đại</subfield>
  </datafield>
  <datafield tag="260" ind1="#" ind2="#">
   <subfield code="b">Huế</subfield>
   <subfield code="c">2016</subfield>
   <subfield code="a">Huế</subfield>
  </datafield>
  <datafield tag="300" ind1="#" ind2="#">
   <subfield code="a">154 tr. +phụ lục</subfield>
   <subfield code="c">27 cm.</subfield>
  </datafield>
  <datafield tag="500" ind1="#" ind2="#">
   <subfield code="a">ĐTTS ghi: Đại Học Huế. Trường Đại học Khoa học</subfield>
  </datafield>
  <datafield tag="653" ind1="#" ind2="#">
   <subfield code="a">Luận Án</subfield>
  </datafield>
  <datafield tag="653" ind1="#" ind2="#">
   <subfield code="a">Văn học Việt Nam</subfield>
  </datafield>
  <datafield tag="653" ind1="#" ind2="#">
   <subfield code="a">Văn học</subfield>
  </datafield>
  <datafield tag="653" ind1="#" ind2="#">
   <subfield code="a">Thơ - Văn xuôi</subfield>
  </datafield>
  <datafield tag="700" ind1="1" ind2="#">
   <subfield code="a">Đỗ Lai Thúy</subfield>
   <subfield code="e">Hướng dẫn khoa học</subfield>
  </datafield>
  <datafield tag="700" ind1="1" ind2="#">
   <subfield code="e">Hướng dẫn khoa học</subfield>
   <subfield code="a">Hoàng Đức Khoa</subfield>
  </datafield>
  <datafield tag="852" ind1="#" ind2="#">
   <subfield code="j">LA.0000068</subfield>
  </datafield>
  <datafield tag="852" ind1="#" ind2="#">
   <subfield code="b">Kho đọc SĐH</subfield>
   <subfield code="j">LA.0000068</subfield>
  </datafield>
  <datafield tag="910" ind1=" " ind2=" ">
   <subfield code="d">08/02/2017</subfield>
  </datafield>
  <datafield tag="980" ind1="#" ind2="#">
   <subfield code="a">Trung tâm Học liệu Lê Vũ Hùng, Trường Đại học Đồng Tháp</subfield>
  </datafield>
 </record>
</collection>
